000 00812nab a2200241 u 4500
001 14447
003 HDC
007 cr bn ---aaaaa
008 210215c xx dr|noo 0 a eng d
040 _aHDC
245 0 _aDPM launches five initiatives for Johor govt
260 _a[No place] :
_b[publisher not identified],
_c[no date]
336 _atext
_2rdacontent
337 _acomputer
_2rdamedia
338 _aonline resource
_2rdacarrier
650 _aConstruction industry
_zMalaysia
_915029
650 _aSchool buildings
_zMalaysia
_915028
710 _a365 news
856 _zRequest full-text at [email protected]
942 _2lcc
942 _cNEWS
942 _kNWSO 004126
999 _c11763
_d11763